00491cam a22001931 4500001001300000003000400013005001700017008004100034010001700075035002000092040003200112042001200144050002000156100002800176245002500204260003400229300001900263999001500282af 48003105 DLC20260227110900.0890406s1946 gw 000 0 ger c aaf 48003105  a(OCoLC)19505589 aYale Univ. LibrarycCUdDLC apremarc00aPT2617.O194bV61 aHöcker, Karla,d1901-10aVom Trost auf Erden. aBerlin,bL. Blanvalet,c1946. a109 p.c20 cm. c5405d5405